000 01266cam a22003134a 4500
001 12874556
003 ARRUPE
005 20211027101426.0
008 020729s2003 nyua b 001 0 eng
010 _a 2002028085
020 _a0670031860 (alk. paper)
040 _aDLC
_cDLC
_dDLC
042 _apcc
050 0 0 _aBJ1461
_b.D427 2003
082 0 0 _a123/.5
_221
100 1 _aDennett, D. C.
_q(Daniel Clement)
_914547
245 1 0 _aFreedom evolves /
_cDaniel C. Dennett.
260 _aNew York :
_bViking,
_c2003.
300 _axiii, 347 p. :
_bill. ;
_c25 cm.
504 _aIncludes bibliographical references (p. [311]-324) and index.
650 0 _aFree will and determinism.
650 0 _aDecision making.
_920613
856 4 1 _3Table of contents
_uhttp://www.loc.gov/catdir/toc/fy044/2002028085.html
856 4 2 _3Contributor biographical information
_uhttp://www.loc.gov/catdir/enhancements/fy0719/2002028085-b.html
856 4 2 _3Publisher description
_uhttp://www.loc.gov/catdir/enhancements/fy0719/2002028085-d.html
906 _a7
_bcbc
_corignew
_d1
_eocip
_f20
_gy-gencatlg
942 _2lcc
_cMONOGRAPH
999 _c130987
_d130987